Loreto College Library, Kolkata
WEBOPAC (ONLINE PUBLIC ACCESS CATALOGUE)

India migration report 2015 (Record no. 42804)

MARC details
000 -LEADER
fixed length control field 00648nam a22002177a 4500
005 - DATE AND TIME OF LATEST TRANSACTION
control field 20211125153201.0
008 - FIXED-LENGTH DATA ELEMENTS--GENERAL INFORMATION
fixed length control field 211125b xxu||||| |||| 00| 0 eng
020 ## - ISBN | অাই এস বি এন
ISBN | অাই এস বি এন 9781138191297
PRICE Rs 1095
040 ## - CATALOGING SOURCE
Language of cataloging eng
041 ## - LANGUAGE CODE
Language code English
082 ## - DDC | ডিউই
Classification number | বর্গসংখ্যা 304.8
Book Number | গ্রন্থাঙ্ক RAJ
245 ## - TITLE STATEMENT | অাখ্যা বিবরণী
Title | অাখ্যা India migration report 2015
Sub title | উপঅাখ্যা Gender and migration
Statement of responsibility | লেখকের দায়িত্বের বিবরণ Edited by S. Irudaya Rajan
260 ## - IMPRINT | প্রকাশনা ক্ষেত্র
Place of publication | প্রকাশ স্থান New Delhi
Name of publisher | প্রকাশকের নাম Routledge
Date of publication | প্রকাশ কাল 2016
300 ## - PHYSICAL DESCRIPTION |
Page / Vol. No | পৃষ্ঠা / খন্ড সংখ্যা xxiv,324p
Other physical details | অনান্য বাহ্যিক বিবরণ 25 cm; tables, charts, graphs
504 ## - BIBLIOGRAPHY, ETC. NOTE
Bibliography, etc Includes bibliographical references and index
650 ## - SUBJECT ADDED ENTRY--TOPICAL TERM | বিষয় শিরোনাম - মূল বিষয়
Topical term | মূল বিষয় Migration
650 ## - SUBJECT ADDED ENTRY--TOPICAL TERM | বিষয় শিরোনাম - মূল বিষয়
Topical term | মূল বিষয় Gender
Form subdivision | রুপগত বিভাগ Migration
700 ## - ADDED ENTRY--PERSONAL NAME | অতিরিক্ত সংলেখ - ব্
Relator code | দায়িত্ব নির্দেশক ed.
Personal name | ব্যাক্তিনাম Rajan, S. Irudaya
850 ## - HOLDING INSTITUTION
Holding institution LCLIB
Sub Holdings
942 ## - ADDED ENTRY ELEMENTS (KOHA)
Koha item type Books
Holdings
Withdrawn status Lost status Source of classification Damaged status Not for loan Home library Current library Shelving location Date acquired Price Total Checkouts Full call number Accession No. Date last seen Price effective from Koha item type
    Dewey Decimal Classification     Loreto College Loreto College DLIT 25/11/2021 1095.00   304.8 RAJ 52297 46835 25/11/2021 25/11/2021 Books